[Event "Natal Potiguar op 10th"]
[Site "Natal"]
[Date "2015.07.03"]
[Round "2"]
[White "Vital, Pablo Manoel Santan"]
[Black "Dantas, Edye de Oliveira"]
[Result "1-0"]
[WhiteElo "1506"]
[BlackElo "1800"]
[PlyCount "39"]
[EventDate "2015.07.03"]
[EventType "swiss"]
[EventRounds "6"]
[EventCountry "BRA"]
[SourceTitle "CBM 167 Extra"]
[Source "ChessBase"]
[SourceDate "2015.09.14"]
[SourceVersion "1"]
[SourceVersionDate "2015.09.14"]
[SourceQuality "1"]

1. e4 e5 2. Nf3 Nc6 3. d4 Nf6 4. d5 Nb4 5. a3 Na6 6. Bxa6 bxa6 7. Nc3 c6 8. dxc6 Bc5 9. cxd7+ Bxd7 10. Nxe5 Bg4 11. Qxd8+ Rxd8 12. f3 Bh5 13. Na4 Bd6 14. Nc4 Bb8 15. Be3 0-0 16. 0-0 Rc8 17. b3 Nd7 18. Rad1 Nf6 19. Rd2 g5 20. Bxg5 1-0